000 00575nam a2200205Ia 4500
001 15231
003 GE_BSU
008 181216s||||||||xx |||||||||||||| ||und||
040 _cGE_BSU
080 _a821.353.1-1
100 _aჩარკვიანი,ჯანსუღ
245 _aმისამართები
245 _bლექსები და პოემები
260 _aთბილისი
260 _bმერანი
260 _c1975
300 _a151გვ.14სმ.
653 _aმისამართები
942 _cBK
999 _c48343
_d48343